[Event "Tourn. n8141"]
[Site "www.chess-mail.com"]
[Date "2015.04.13"]
[Round "1"]
[White "Vitoriccardo"]
[Black "Oliverio"]
[WhiteElo "1610"]
[BlackElo "1590"]
[Result "1-0"]
[Round "1"]
1.e4 e5
2.Ng1f3 Nb8c6
3.Bf1c4 Bf8c5
4.O-O Ng8f6
5.d3 d6
6.Bc1g5 Bc8e6
7.Bc4b5 O-O
8.Bb5xc6 bxc6
9.c3 Ra8b8
10.Qd1e2 Be6g4
11.Nb1d2 Rb8xb2
12.Rf1b1 Bg4xf3
13.gxf3 Qd8b8
14.Rb1xb2 Qb8xb2
15.Qe2e1 Qb2xc3
16.Qe1f1 h6
17.Ra1c1 Qc3a3
18.Bg5xf6 gxf6
19.Nd2b3 Bc5b6
20.Kh1 Qa3xa2
21.Qf1g2 Kh7
22.Rc1g1  { time }
1-0

[Event "Tourn. n8100"]
[Site "www.chess-mail.com"]
[Date "2015.04.13"]
[Round "1"]
[White "Liencam2"]
[Black "Terrible"]
[WhiteElo "2290"]
[BlackElo "2270"]
[Result "0-1"]
[Round "1"]
1.e4 e5
2.Ng1f3 Nb8c6
3.d4 exd4
4.c3 dxc3
5.Bf1c4 d6
6.O-O cxb2
7.Bc1xb2 Bc8e6
8.Bc4xe6 fxe6
9.Qd1b3 Qd8d7
10.Nf3g5 e5
11.f4 h6
12.fxe5 hxg5
13.e6 Qd7c8
14.Nb1c3 Nc6d8
15.Qb3b5 c6
16.Qb5xg5 Ng8e7
17.Nc3e2 Qc8xe6
18.Ne2d4 Qe6h6
19.Qg5g3 Qh6g6
20.Qg3b3 Qg6h6
21.h3 Kd7
22.Ra1d1 Kc7
23.Bb2a3 Ne7c8
24.Nd4f5 Qh6e6
25.Qb3g3 Rh8g8
26.Qg3d3 g5
27.Nf5d4 Qe6g6
28.Qd3c4 a6
29.Qc4b3 Bf8g7
30.Nd4f5 Bg7e5
31.Nf5e3 Rg8e8
32.Rf1f5 Be5f4
33.Rd1d4 Bf4xe3
34.Qb3xe3 Qg6xf5
35.Ba3xd6 Nc8xd6
{ resign }
0-1

[Event "Tourn. n8122"]
[Site "www.chess-mail.com"]
[Date "2015.04.13"]
[Round "1"]
[White "Iko"]
[Black "Powerchess"]
[WhiteElo "1520"]
[BlackElo "1400"]
[Result "0-1"]
[Round "1"]
1.e4 e6
2.e5 d5
3.d4 c5
4.Ng1f3 Nb8c6
5.dxc5 Bf8xc5
6.c4 d4
7.b3 Ng8e7
8.Bc1g5 Qd8c7
9.Bg5xe7 Qc7xe7
10.Bf1e2 b6
11.O-O Bc8b7
12.h4 O-O-O
13.Be2d3 h6
14.Nf3h2 Nc6xe5
15.g3 g5
16.Qd1e2 Ne5xd3
17.Qe2xd3 gxh4
18.Nb1d2 hxg3
19.Qd3xg3 Rh8g8
20.Nh2g4 f5
21.Qg3h3 Rg8xg4
22.Kh2 Rg4h4
23.Qh3xh4 Qe7xh4
24.Kg1 Qh4h1

0-1

[Event "Tourn. n8139"]
[Site "www.chess-mail.com"]
[Date "2015.04.13"]
[Round "1"]
[White "Gorgo"]
[Black "Szustan"]
[WhiteElo "2360"]
[BlackElo "2610"]
[Result "1/2-1/2"]
[Round "1"]
1.c4 e5
2.Nb1c3 Ng8f6
3.Ng1f3 Nb8c6
4.g3 d5
5.cxd5 Nf6xd5
6.Bf1g2 Nd5b6
7.O-O Bf8e7
8.a3 O-O
9.d3 Bc8e6
10.Bc1e3 f5
11.Qd1c1 Be7f6
12.Nf3g5 Bf6xg5
13.Be3xg5 Qd8d7
14.Bg5e3 Nc6d4
15.Ra1b1 c5
16.f4 Nb6d5
17.Be3xd4 cxd4
18.Nc3xd5 Be6xd5
19.Bg2xd5 Qd7xd5
20.Qc1c4 Qd5xc4
21.dxc4 e4
22.Rf1d1 Ra8d8
23.Rb1c1 g6
24.Kf2 Rd8d7
25.b4 Rf8d8
26.c5 { draw }
1/2-1/2

[Event "Tourn. n8144"]
[Site "www.chess-mail.com"]
[Date "2015.04.13"]
[Round "1"]
[White "Ruko"]
[Black "4knights"]
[WhiteElo "1880"]
[BlackElo "1780"]
[Result "0-1"]
[Round "1"]
1.e4 e5
2.Ng1f3 Ng8f6
3.Nf3xe5 d6
4.Ne5f3 Nf6xe4
5.d4 d5
6.Bf1d3 Ne4f6
7.O-O Bf8e7
8.Rf1e1 O-O
9.c3 Bc8g4
10.h3 Bg4xf3
11.Qd1xf3 c5
12.dxc5 Be7xc5
13.Bc1g5 h6
14.Bg5xf6 Qd8xf6
 { time }
0-1

[Event "Tourn. n7949"]
[Site "www.chess-mail.com"]
[Date "2015.04.13"]
[Round "1"]
[White "Pgcbies"]
[Black "Echo314"]
[WhiteElo "2800"]
[BlackElo "2630"]
[Result "0-1"]
[Round "1"]
1.e4 c5
2.f4 d5
3.d3 e6
4.Bf1e2 Bf8e7
5.Ng1f3 Ng8h6
6.O-O O-O
7.Qd1e1 Nb8c6
8.Nb1a3 f6
9.c3 Nh6f7
10.Na3c2 Be7d6
11.Qe1f2 Nc6e7
12.g3 b6
13.exd5 Ne7xd5
14.Nf3d2 Bc8b7
15.Be2f3 Qd8d7
16.c4 Nd5e7
17.Nd2e4 Ra8d8
18.Bc1e3 Ne7f5
19.Ra1d1 e5
20.Ne4xd6 Bb7xf3
21.Qf2xf3 Nf5xd6
22.b3 Rf8e8
23.fxe5 Nf7xe5
24.Qf3d5 Ne5f7
25.d4 Qd7c8
26.Qd5f3 cxd4
27.Be3xd4 Nf7g5
28.Qf3g2 Nd6f5
29.Bd4c3 Qc8c5
30.Kh1 Nf5e3
31.Rd1xd8 Re8xd8
32.Nc2xe3 Qc5xe3
33.Bc3b4 Qe3d3
34.h4 Ng5e4
35.Kh2 a5
36.Bb4e1 g6
37.Rf1f3 Qd3d6
38.Rf3e3 f5
39.Qg2f3 a4
40.h5 axb3
41.axb3 Rd8a8
42.Kg2 Qd6c6
43.Qf3f4 Ne4g5
{ resign }
0-1

[Event "Tourn. n8156"]
[Site "www.chess-mail.com"]
[Date "2015.04.13"]
[Round "1"]
[White "Duff"]
[Black "Libiesse"]
[WhiteElo "1850"]
[BlackElo "1980"]
[Result "1/2-1/2"]
[Round "1"]
1.e4 c5
2.Ng1f3 e6
3.d4 cxd4
4.Nf3xd4 Nb8c6
5.Nb1c3 a6
6.Bc1e3 Ng8e7
7.Qd1d2 d6
8.O-O-O Ne7g6
9.f3 Bf8e7
10.g4 Qd8c7
11.Bf1e2 Bc8d7
12.g5 Nc6xd4
13.Be3xd4 e5
14.Bd4e3 O-O
15.h4 Rf8c8
16.h5 Ng6f4
17.Be3xf4 exf4
18.Qd2xf4 Qc7d8
19.Rd1g1 Rc8c5
20.Nc3d5 Ra8c8
21.Nd5xe7 Qd8xe7
22.Be2d3 Qe7e6
23.Kb1 Bd7b5
24.g6 Bb5xd3
25.cxd3 Rc5a5
{ draw }
1/2-1/2

[Event "Tourn. n8145"]
[Site "www.chess-mail.com"]
[Date "2015.04.13"]
[Round "1"]
[White "Korbacik"]
[Black "Difficult"]
[WhiteElo "2189"]
[BlackElo "2040"]
[Result "1-0"]
[Round "1"]
1.e4 c5
2.Ng1f3 e6
3.d4 cxd4
4.Nf3xd4 a6
5.Nb1c3 Qd8c7
6.Bf1e2 Ng8f6
7.O-O Bf8d6
8.f4 Bd6c5
9.Kh1 b5
10.e5 Nf6g8
11.Nc3e4 Bc5e7
12.Be2f3 Nb8c6
13.Bc1e3 Nc6xd4
14.Ne4d6 Be7xd6
15.exd6 { resign }
1-0

[Event "Tourn. n8174"]
[Site "www.chess-mail.com"]
[Date "2015.04.13"]
[Round "1"]
[White "Zazi"]
[Black "Duff"]
[WhiteElo "1600"]
[BlackElo "1850"]
[Result "0-1"]
[Round "1"]
1.e4 e5
2.c4 Ng8f6
3.d3 Bf8c5
4.a3 a5
5.Qd1a4 Nb8c6
6.Bc1d2 O-O
7.b4 Bc5d4
8.Ra1a2 d6
9.bxa5 Ra8xa5
10.Bd2xa5 Bc8d7
11.Ba5c3 Rf8e8
12.Qa4b3 b6
13.Bf1e2 Bd7e6
14.Ng1f3 Bd4c5
15.Nf3g5 Be6d7
16.a4 Nf6g4
17.Be2xg4 Bd7xg4
18.h4 Qd8f6
19.f3 Bg4h5
20.g4 Bh5g6
21.Qb3b5 Re8d8
22.Qb5xc6 h6
23.Ng5h3 Qf6xf3
24.Ra2h2 Qf3xd3
25.Qc6xc7 Rd8f8
26.Rh2b2 Qd3xe4
27.Kd2 Qe4xh1
28.Nh3g5 hxg5
29.hxg5 Bg6xb1
30.a5 bxa5
31.Qc7xa5 e4
32.Qa5a1 Qh1g2
33.Kc1 Qg2f1
34.Kd2 e3

0-1

[Event "Match"]
[Site "www.echecsemail.com"]
[Date "2015.04.13"]
[Round "1"]
[White "Willbest500"]
[Black "Alanocturna"]
[WhiteElo "1499"]
[BlackElo "1580"]
[Result "0-1"]
[Round "1"]
1.e4 g6
2.d4 Bf8g7
3.c3 e6
4.g3 Ng8e7
5.Ng1f3 O-O
6.Bf1g2 d5
7.Nb1d2 b6
8.O-O Bc8b7
 { time }
0-1

[Event "Match"]
[Site "www.echecsemail.com"]
[Date "2015.04.13"]
[Round "1"]
[White "Gambitmiau"]
[Black "Generalfree"]
[WhiteElo "1840"]
[BlackElo "1790"]
[Result "0-1"]
[Round "1"]
1.Ng1f3 e6
2.Nb1c3 Ng8f6
3.d4 d5
4.Bc1g5 Nb8d7
5.e4 h6
6.Bg5d2 dxe4
7.Nf3e5 Bf8b4
8.Bf1b5 c6
9.Bb5a4 Nd7xe5
10.Ba4b3 Qd8xd4
11.O-O b5
12.Qd1e2 a6
13.Bd2e3 Qd4d6
14.Rf1d1 Qd6e7
15.a3 Bb4xc3
16.bxc3 Nf6g4
17.Qe2d2 O-O
18.Be3f4 g5
19.h3 gxf4
20.hxg4 e3
21.fxe3 fxe3
22.Qd2d4 Qe7g5
23.Rd1f1 Ne5xg4
24.Rf1f3 Qg5h4
{ resign }
0-1

[Event "Match"]
[Site "www.echecsemail.com"]
[Date "2015.04.13"]
[Round "1"]
[White "Harrytheking"]
[Black "Norbos"]
[WhiteElo "1680"]
[BlackElo "1640"]
[Result "1-0"]
[Round "1"]
1.c4 d5
2.e3 e5
3.h3 Ng8f6
4.a3 e4
5.b3 Bc8e6
6.Ng1e2 Bf8d6
7.Ne2f4 Bd6xf4
8.exf4 O-O
9.Bf1e2 d4
10.d3 c5
11.Nb1d2 e3
12.fxe3 Nb8c6
13.O-O g6
14.e4 Ra8b8
15.e5 Nf6d7
16.Nd2e4 f5
17.Ne4d6 Nd7xe5
18.fxe5 a6
19.Bc1h6 Rf8f7
20.Nd6xf7 Be6xf7
21.Be2f3 Nc6xe5
22.Bf3d5 Bf7xd5
23.cxd5 Qd8xd5
24.Bh6f4 Rb8e8
25.b4 Ne5d7
26.bxc5 Nd7xc5
27.a4 Nc5e6
28.Bf4h6 Re8c8
29.a5 Rc8c3
30.Qd1b1 Ne6c5
31.Qb1b6 Rc3xd3
32.Qb6f6 Nc5e6
33.Rf1e1 Rd3g3
34.Re1e2 d3
35.Qf6xe6 Qd5xe6
36.Re2xe6 d2
37.Bh6xd2 { resign }
1-0

[Event "Match"]
[Site "www.echecsemail.com"]
[Date "2015.04.13"]
[Round "1"]
[White "Wildtiger"]
[Black "Mrmoto"]
[WhiteElo "1560"]
[BlackElo "1600"]
[Result "1-0"]
[Round "1"]
1.e4 c5
2.Nb1c3 d6
3.Ng1f3 a6
4.d4 Qd8b6
5.dxc5 Qb6xc5
6.Bc1e3 Qc5c6
7.Bf1e2 { resign }
1-0

[Event "Match"]
[Site "www.echecsemail.com"]
[Date "2015.04.13"]
[Round "1"]
[White "Swampcat"]
[Black "Llord"]
[WhiteElo "1359"]
[BlackElo "1810"]
[Result "0-1"]
[Round "1"]
1.e4 e5
2.Ng1f3 Nb8c6
3.Bf1c4 Ng8f6
4.d3 Bf8c5
5.h3 O-O
6.Bc1g5 Bc5e7
7.Nb1c3 h6
8.Bg5h4 Nf6h7
9.Bh4xe7 Qd8xe7
10.Nc3d5 Qe7d6
11.O-O Nc6e7
12.Nd5xe7 Qd6xe7
13.Qd1d2 d6
14.a4 Bc8e6
15.Bc4xe6 Qe7xe6
16.c4 Nh7f6
17.b4 Nf6h5
18.Kh2 Nh5f4
19.g3 Qe6xh3
{ resign }
0-1

[Event "Match"]
[Site "www.echecsemail.com"]
[Date "2015.04.13"]
[Round "1"]
[White "Jpmartinez"]
[Black "Woadman62"]
[WhiteElo "2600"]
[BlackElo "2540"]
[Result "1/2-1/2"]
[Round "1"]
1.d4 Ng8f6
2.c4 e6
3.Nb1c3 Bf8b4
4.e3 O-O
5.Ng1e2 c6
6.a3 Bb4a5
7.Qd1c2 d5
8.Ne2g3 Nb8d7
9.Bf1e2 e5
10.O-O exd4
11.exd4 dxc4
12.Be2xc4 Nd7b6
13.Bc4a2 Nb6d5
14.Qc2d3 Rf8e8
15.Bc1g5 h6
16.Bg5xf6 Nd5xf6
17.Rf1e1 Ba5b6
18.Re1xe8 Qd8xe8
19.Nc3e4 Qe8d8
20.Ra1e1 Bc8e6
21.Ba2xe6 fxe6
22.Re1d1 Qd8e7
23.b4 Nf6xe4
24.Ng3xe4 Ra8d8
25.Ne4c5 e5
26.Qd3b3 Kh8
27.dxe5 Rd8xd1
28.Qb3xd1 Bb6xc5
29.bxc5 Qe7xc5
30.Qd1d8 Kh7
31.Qd8d3 Kg8
32.Qd3d8 Kh7
33.Qd8d3 Kh8
34.Qd3d8 Kh7
35.Qd8d3 Kg8
36.Qd3d8 Qc5f8
37.Qd8a5 Qf8e7
38.Qa5c3 Qe7e6
39.f4 Qe6d5
40.Qc3e3 a5
41.h3 c5
42.f5 b5
43.Kh2 b4
44.e6 Qd5d6
45.Kh1 Qd6d1
46.Kh2 Qd1d6
47.Kh1 Qd6d4
48.Qe3e1 Qd4c3
49.Qe1e4 Qc3d4
50.Qe4e1 Qd4c3
51.Qe1e4 Qc3d4
52.Qe4e1 
1/2-1/2

[Event "Match"]
[Site "www.echecsemail.com"]
[Date "2015.04.13"]
[Round "1"]
[White "Rindrandria"]
[Black "Ranjachess"]
[WhiteElo "1580"]
[BlackElo "1690"]
[Result "0-1"]
[Round "1"]
1.e4 e5
2.Ng1f3 Nb8c6
3.Nb1c3 Ng8f6
4.Bf1c4 Bf8b4
5.Bc4xf7 Kxf7
6.Nc3d5 Nf6xd5
7.exd5 Nc6d4
8.c3 Nd4xf3
9.Qd1xf3 Qd8f6
10.Qf3e4 Bb4c5
11.Rh1f1 Rh8f8
12.b4 Bc5b6
13.Qe4xh7 Ke8
14.f3 d6
15.Qh7c2 Bc8g4
16.Bc1b2 Qf6h4
17.g3 Qh4xh2
18.Qc2g6 Rf8f7
19.Qg6xg4 Qh2h6
20.O-O-O Ke7
21.Qg4e4 g5
22.Rf1h1 Qh6f6
23.Rd1f1 Ra8h8
24.Rh1xh8 Qf6xh8
25.f4 Qh8h3
26.Rf1f3 Qh3h1
27.Kc2 g4
28.fxe5 Qh1xf3
29.exd6 Kf8
30.Qe4e5 Qf3f5
31.Qe5xf5 Rf7xf5
32.c4 cxd6
33.a4 Rf5f3
34.d4 Rf3xg3
35.c5 Bb6c7
36.b5 Rg3g2
37.Kb3 g3
38.Bb2c3 Rg2f2
39.Bc3e1 Rf2f3
40.Kc4 g2
41.a5 g1Q
42.b6 axb6
43.c6 bxc6
44.dxc6 Qg1xe1
45.axb6 Qe1e6
46.Kb5 Qe6b3
47.Ka5 Rf3f2
48.bxc7 Rf2a2
{ resign }
0-1

[Event "Match"]
[Site "www.echecsemail.com"]
[Date "2015.04.13"]
[Round "1"]
[White "Dominiquer"]
[Black "Fred"]
[WhiteElo "1900"]
[BlackElo "1980"]
[Result "1-0"]
[Round "1"]
1.e4 e5
2.Ng1f3 Nb8c6
3.Bf1c4 Bf8c5
4.b4 Bc5xb4
5.c3 Bb4a5
6.d4 exd4
7.O-O d6
8.Qd1b3 Qd8e7
9.cxd4 Ba5b6
10.Nf3g5 Ng8h6
11.Ng5f3 Nc6a5
12.Qb3a4 Bc8d7
13.Qa4b4 Na5xc4
14.Qb4xc4 Bd7g4
15.Qc4c3 Qe7f6
16.Nb1d2 Bg4xf3
17.Nd2xf3 O-O
18.e5 dxe5
19.dxe5 Qf6g6
20.Rf1e1 Nh6g4
21.Bc1e3 Bb6xe3
22.fxe3 c6
23.Ra1d1 Ra8d8
24.Qc3c5 b6
25.Qc5c3 c5
26.a4 Qg6e4
27.a5 Rd8xd1
28.Re1xd1 Qe4xe3
29.Qc3xe3 Ng4xe3
30.Rd1d7 Ne3c4
31.a6 h6
32.Rd7xa7 Rf8b8
33.Ra7b7 Rb8a8
34.a7 Kh7
35.Rb7xf7 Nc4a5
36.Rf7c7 c4
37.Nf3d4 Na5b3
38.Nd4b5 Nb3c5
39.Kf2 Kg8
40.Ke3 g6
41.Rc7c6 c3
42.Nb5xc3 Ra8xa7
43.Rc6xg6 Ra7g7
44.Rg6xb6 Nc5d7
45.Rb6xh6 Nd7xe5
46.Rh6h5 Ne5g4
47.Kf3 Kf7
48.h3 Ng4f6
49.Rh5f5 Ke6
50.g4 Rg7h7
51.Kg3 Rh7f7
52.Nc3e2 Nf6e4
53.Kf4 Rf7xf5
54.gxf5 Kd5
55.Ne2g3 Ne4f6
56.h4 Kd6
57.h5 Ke7
58.Kg5 Kf7
59.h6 Nf6h7
60.Kf4 Kf6
61.Ng3h5 Kf7
62.Ke5 Nh7g5
63.Nh5f6 Ng5f3
64.Kf4 Kxf6
65.Kxf3 Kf7
66.Kf4 Kg8
67.Ke5 Kf7
68.h7 Kg7
69.Ke6 Kh8
70.Ke7 Kg7
71.f6 Kh8
72.f7 Kg7
73.f8Q Kxh7
74.Qf8f5 Kg8
75.Kf6 Kh8
76.Qf5d7 Kg8
77.Qd7g7 
1-0

[Event "1/16 Finale"]
[Site "www.chess-mail.com"]
[Date "2015.04.13"]
[Round "1"]
[White "Vega"]
[Black "Senitram"]
[WhiteElo "2480"]
[BlackElo "2590"]
[Result "1/2-1/2"]
[Round "1"]
1.e4 c5
2.Ng1f3 e6
3.d4 cxd4
4.Nf3xd4 Ng8f6
5.Nb1c3 Nb8c6
6.Nd4b5 d6
7.Bc1f4 e5
8.Bf4g5 a6
9.Nb5a3 Bc8e6
10.Na3c4 Ra8c8
11.Bg5xf6 Qd8xf6
12.Nc4b6 Rc8b8
13.Nc3d5 Qf6g6
14.Qd1d3 Be6xd5
15.Nb6xd5 Bf8e7
16.g3 Be7d8
17.Bf1h3 O-O
18.O-O Nc6e7
19.Ra1d1 h5
20.Bh3f5 Qg6h6
21.h4 b5
22.c3 Ne7xd5
23.Qd3xd5 Rb8b6
24.Rd1d2 Qh6f6
25.Bf5h3 Rf8e8
26.Rf1d1 Bd8e7
27.b4 Re8b8
28.Rd1a1 Be7f8
29.a4 Qf6e7
30.axb5 axb5
31.Rd2a2 g6
32.Ra2a7 Rb6b7
33.Ra7a8 Rb8xa8
34.Ra1xa8 Rb7c7
35.Ra8a3 Rc7a7
36.Ra3xa7 Qe7xa7
37.Bh3f1 Qa7a1
38.Qd5c6 Bf8h6
39.Kg2 Bh6d2
40.Qc6xb5 Bd2e1
41.Qb5b8 Kg7
42.Qb8xd6 Qa1xc3
43.b5 Qc3b2
44.Qd6c5 Be1c3
45.Qc5c4 Bc3d4
46.Bf1e2 Bd4b6
47.Qc4d3 Qb2a2
48.Kf1 Qa2b2
49.Kg1 Bb6d4
{ draw }
1/2-1/2

[Event "1/2 Finale"]
[Site "www.chess-mail.com"]
[Date "2015.04.13"]
[Round "1"]
[White "Pgcbies"]
[Black "Conde7"]
[WhiteElo "2830"]
[BlackElo "2720"]
[Result "1/2-1/2"]
[Round "1"]
1.e4 c5
2.Ng1f3 d6
3.d4 cxd4
4.Nf3xd4 Ng8f6
5.Nb1c3 a6
6.Bc1g5 e6
7.f4 Qd8b6
8.Qd1d3 Qb6xb2
9.Ra1b1 Qb2a3
10.f5 Bf8e7
11.Bf1e2 Qa3a5
12.Bg5d2 e5
13.Nc3d5 Qa5d8
14.Nd5b6 exd4
15.Nb6xa8 Nb8d7
16.Qd3xd4 b5
17.Bd2e3 Bc8b7
18.Na8b6 Nd7c5
19.Nb6d5 Nf6xd5
20.exd5 Be7f6
21.Qd4b4 O-O
22.Be2f3 Rf8e8
23.Kf2 Qd8c7
24.Be3xc5 dxc5
25.Rb1e1 Re8d8
26.Qb4g4 h6
27.d6 Rd8xd6
28.Bf3xb7 Rd6d2
29.Kf3 Qc7xb7
30.Qg4e4 Qb7xe4
31.Re1xe4 Rd2xc2
32.Re4e8 Kh7
33.Re8e2 Rc2c4
34.Rh1d1 h5
35.Rd1d6 Rc4a4
36.Rd6c6 Ra4a3
{ draw }
1/2-1/2

[Event "1/128 Finale"]
[Site "www.chess-mail.com"]
[Date "2015.04.13"]
[Round "1"]
[White "Panham"]
[Black "Andradamaria"]
[WhiteElo "2000"]
[BlackElo "1809"]
[Result "0-1"]
[Round "1"]
1.d4 Ng8f6
2.c4 g6
3.Nb1c3 d5
4.cxd5 Nf6xd5
5.e4 Nd5xc3
6.bxc3 Bf8g7
7.Bc1g5 O-O
8.Ra1c1 c6
9.Ng1f3 Bc8g4
10.h3 Bg4xf3
11.Qd1xf3 Qd8a5
12.Bf1c4 Qa5xg5
13.O-O e6
14.Rf1d1 Rf8d8
15.Rc1c2 Qg5f6
16.Qf3e3 c5
17.Rc2d2 cxd4
18.cxd4 Nb8c6
19.d5 exd5
20.exd5 Nc6e5
21.Bc4b3 b6
22.d6 Ne5d7
23.Qe3e7 Nd7c5
24.Bb3c4 Qf6xe7
25.dxe7 Rd8xd2
26.Rd1xd2 Bg7f6
27.Rd2e2 Ra8e8
28.Re2d2 Re8xe7
29.Rd2d8 Kg7
30.Kf1 Re7e1
31.Kxe1 Bf6xd8
{ resign }
0-1

[Event "Eq:chibcha-Helvetica B : "]
[Site "www.chess-mail.com"]
[Date "2015.04.13"]
[Round "1"]
[White "Paes19"]
[Black "Irene"]
[WhiteElo "2010"]
[BlackElo "1970"]
[Result "0-1"]
[Round "1"]
1.e4 c5
2.Bf1c4 a6
3.Ng1f3 b5
4.Bc4d5 Nb8c6
5.e5 e6
6.Bd5e4 d5
7.exd6 Qd8xd6
8.Nb1c3 Ng8f6
9.d3 Nf6xe4
10.Nc3xe4 Qd6c7
11.c4 b4
12.b3 Bf8e7
13.Bc1e3 Nc6e5
14.O-O Bc8b7
15.Nf3xe5 Qc7xe5
16.f4 Qe5c7
17.Qd1g4 O-O
18.f5 Be7d6
19.Be3h6 Bd6xh2
20.Kh1 f6
21.Bh6xg7 Qc7xg7
22.Qg4xg7 Kxg7
23.Kxh2 e5
24.Ne4xc5 Bb7c6
25.Nc5e6 Kf7
26.Ne6xf8 Ra8xf8
27.a3 Rf8g8
28.g3 Rg8g5
29.axb4 Rg5h5
30.Kg1 Rh5h3
31.Kf2 Rh3h2
32.Ke1 Rh2g2
33.Ra1xa6 Bc6e8
34.Ra6a7 Kg8
35.Rf1h1 Be8f7
36.Ra7xf7 Kxf7
37.Rh1xh7 Kg8
38.Rh7h3 Rg2b2
39.g4 Rb2xb3
40.b5 Rb3b1
41.Kd2 Rb1b2
42.Kc3 Rb2a2
43.Rh3e3 Kg7
44.d4 Ra2a3
45.Kd2 Ra3a2
46.Kc1 exd4
47.Re3e7 Kf8
48.Re7d7 Ra2a1
49.Kc2 Ra1a2
 { time }
0-1

[Event "Fast Game"]
[Site "www.echecsemail.com"]
[Date "2015.04.13"]
[Round "1"]
[White "Pgcbies"]
[Black "Korto"]
[WhiteElo "2110"]
[BlackElo "2130"]
[Result "0-1"]
[Round "1"]
1.e4 d6
2.d4 Ng8f6
3.Nb1c3 e5
4.dxe5 dxe5
5.Ng1f3 Qd8xd1
6.Nc3xd1 Bf8d6
7.Nd1c3 O-O
8.Bf1d3 a6
9.a3 b5
10.O-O { time. }
0-1

[Event "Fast Game"]
[Site "www.echecsemail.com"]
[Date "2015.04.13"]
[Round "1"]
[White "Yangqi"]
[Black "Julianlore"]
[WhiteElo "1599"]
[BlackElo "1599"]
[Result "0-1"]
[Round "1"]
1.e4 e5
2.f4 exf4
3.Ng1f3 g5
4.Nb1c3 Nb8c6
5.g3 g4
6.Nf3h4 f3
7.d4 d6
8.Bc1e3 Ng8f6
9.Qd1d2 d5
10.e5 Nf6e4
11.Nc3xe4 dxe4
12.O-O-O Qd8d5
13.c4 Qd5a5
14.Qd2xa5 Nc6xa5
15.d5 b6
16.a3 Bc8a6
17.d6 cxd6
18.exd6 Kd7
19.h3 Ba6xc4
20.hxg4 Bc4xf1
21.Rh1xf1 Na5c4
22.Be3f4 Bf8g7
23.Rf1f2 Ra8c8
24.Kb1 h5
25.Nh4f5 Bg7e5
26.Bf4xe5 Nc4xe5
27.Rd1d4 Ne5xg4
28.Rf2f1 Rc8c5
29.Nf5h4 Ng4e3
30.Rf1f2 Rh8e8
31.Rf2d2 Rc5c4
32.Nh4f5 Rc4xd4
33.Nf5xd4 Ne3g4
34.Rd2d1 f2
35.Nd4e2 Ng4e3
{ resign }
0-1

[Event "Tourn. n8118"]
[Site "www.chess-mail.com"]
[Date "2015.04.14"]
[Round "1"]
[White "Powerchess"]
[Black "Oliverio"]
[WhiteElo "1400"]
[BlackElo "1520"]
[Result "0-1"]
[Round "1"]
1.e4 e5
2.Ng1f3 Nb8c6
3.Bf1c4 Ng8f6
4.d3 d5
5.exd5 Nf6xd5
6.O-O Bc8g4
7.c3 a6
8.Rf1e1 Bf8e7
9.h3 Bg4xf3
10.Qd1xf3 Nd5f6
11.Bc1e3 O-O
12.Nb1d2 Nc6a5
13.b3 b5
14.b4 bxc4
15.bxa5 Qd8xd3
16.Ra1c1 e4
17.Qf3e2 Be7a3
18.Qe2xd3 cxd3
19.Rc1b1 Nf6d5
20.Nd2xe4 f5
21.Ne4c5 Nd5xe3
{ resign }
0-1

[Event "Tourn. n8027"]
[Site "www.chess-mail.com"]
[Date "2015.04.14"]
[Round "1"]
[White "Samael"]
[Black "Maredocla"]
[WhiteElo "2090"]
[BlackElo "2030"]
[Result "0-1"]
[Round "1"]
1.d4 Ng8f6
2.Ng1f3 b6
3.e3 Bc8b7
4.Bf1e2 e6
5.Nb1c3 Bf8b4
6.Bc1d2 O-O
7.O-O d6
8.a3 Bb4xc3
9.Bd2xc3 Nf6e4
10.Bc3d2 Nb8d7
11.c4 c5
12.h3 cxd4
13.Nf3xd4 Qd8f6
14.Ra1b1 Qf6g6
15.Nd4f3 Nd7e5
16.Nf3xe5 dxe5
17.f3 Ne4g3
18.Rf1e1 Ra8d8
19.Qd1c1 Ng3xe2
20.Re1xe2 Bb7xf3
21.Re2f2 Bf3e4
22.Rb1a1 Be4f5
23.Kh2 h5
24.g3 Bf5e4
25.Qc1c3 f6
26.Ra1c1 Rd8d3
27.Qc3b4 f5
28.Rc1f1 Qg6e8
29.Bd2c1 Qe8d7
30.g4 hxg4
31.hxg4 g6
32.gxf5 Qd7h7
33.Kg3 gxf5
34.Rf2h2 f4
{ resign }
0-1

[Event "Tourn. n8069"]
[Site "www.chess-mail.com"]
[Date "2015.04.14"]
[Round "1"]
[White "Kermet"]
[Black "Krasin"]
[WhiteElo "2520"]
[BlackElo "2310"]
[Result "1-0"]
[Round "1"]
1.c4 e5
2.g3 Nb8c6
3.Bf1g2 g5
4.Nb1c3 Bf8g7
5.Ra1b1 d6
6.b4 a6
7.d3 g4
8.Qd1a4 Bc8d7
9.b5 axb5
10.Qa4xb5 e4
11.Nc3xe4 f5
12.Ne4d2 Ng8e7
13.a3 Nc6d4
14.Qb5xb7 Bd7c6
15.Bg2xc6 Ne7xc6
16.Kf1 O-O
17.e3 Ra8a7
18.Qb7b2 Qd8a8
19.Qb2a2 Nc6e5
20.exd4 Ne5xd3
21.c5 Kh8
22.d5 f4
23.Qa2c4 fxg3
24.f3 gxf3
25.hxg3 Nd3xc1
26.Rb1xc1 Ra7xa3
27.Qc4e4 h6
28.Ng1xf3 Qa8a5
29.Kg2  { time }
1-0

[Event "Tourn. n8109"]
[Site "www.chess-mail.com"]
[Date "2015.04.14"]
[Round "1"]
[White "Fabos12"]
[Black "Generalfree"]
[WhiteElo "1890"]
[BlackElo "1820"]
[Result "0-1"]
[Round "1"]
1.d4 e6
2.Ng1f3 c5
3.Nb1c3 a6
4.e4 b5
5.d5 exd5
6.Qd1xd5 Nb8c6
7.Nf3g5 Ng8h6
8.Ng5f3 g6
9.Bc1xh6 Bf8xh6
10.g4 Bc8b7
11.Nf3e5 Qd8e7
12.Ne5f3 Nc6a5
13.Qd5e5 Qe7xe5
14.Nf3xe5 Bh6g7
15.f4 Bg7xe5
16.fxe5 O-O-O
17.O-O-O Rh8e8
18.Nc3d5 Re8xe5
19.Bf1g2 Bb7xd5
20.exd5 Rd8e8
21.h4 Na5c4
 { time }
0-1

[Event "Tourn. n8030"]
[Site "www.chess-mail.com"]
[Date "2015.04.14"]
[Round "1"]
[White "Groz"]
[Black "Falcoale"]
[WhiteElo "1809"]
[BlackElo "1870"]
[Result "1-0"]
[Round "1"]
1.e4 c5
2.Ng1f3 Nb8c6
3.d4 cxd4
4.Nf3xd4 a6
5.Bf1e2 Qd8c7
6.Nb1c3 Ng8f6
7.O-O e6
8.Kh1 b5
9.a3 Bc8b7
10.Bc1e3 Bf8e7
11.f4 O-O
12.Be2f3 Rf8d8
13.e5 Nf6e8
14.Qd1e2 d5
15.Nd4xc6 Bb7xc6
16.Qe2d3 g6
17.g4 Qc7b7
18.Kg2 Ne8c7
19.Be3d4 Ra8b8
20.f5 Bc6d7
21.fxg6 hxg6
22.Bf3e2 b4
23.axb4 Nc7b5
24.Nc3xb5 Bd7xb5
25.Qd3e3 Be7xb4
26.c3 Bb4f8
27.Be2xb5 Qb7xb5
28.b4 Rb8a8
29.h4 Ra8c8
30.Rf1f2 Rd8d7
31.Ra1f1 Bf8g7
32.h5 gxh5
33.gxh5 a5
34.h6 f6
35.exf6 Bg7f8
36.f7 Kh7
37.Qe3xe6 Rd7c7
38.Qe6f5 { resign }
1-0

[Event "Tourn. n7952"]
[Site "www.chess-mail.com"]
[Date "2015.04.14"]
[Round "1"]
[White "Seger"]
[Black "Nimzo"]
[WhiteElo "2630"]
[BlackElo "2670"]
[Result "1/2-1/2"]
[Round "1"]
1.d4 e6
2.c4 Bf8b4
3.Bc1d2 Bb4xd2
4.Qd1xd2 Ng8f6
5.Nb1c3 d5
6.e3 O-O
7.Ng1f3 Qd8e7
8.a3 Nb8d7
9.cxd5 exd5
10.Bf1e2 c6
11.Qd2c2 Nf6e4
12.Nc3xe4 dxe4
13.Nf3d2 f5
14.Qc2b3 Kh8
15.Qb3b4 Qe7f6
16.Nd2c4 Nd7b6
17.Nc4xb6 axb6
18.Qb4xb6 f4
19.exf4 Qf6xf4
20.O-O Bc8e6
21.Qb6b4 e3
22.f3 Ra8e8
23.Qb4xb7 Be6d5
24.Qb7a7 Rf8f7
25.Qa7a5 Rf7f5
26.Qa5e1 Rf5g5
27.g4 h5
28.Qe1g3 Qf4xd4
29.b4 Rg5g6
30.g5 { draw }
1/2-1/2

[Event "Tourn. n8069"]
[Site "www.chess-mail.com"]
[Date "2015.04.14"]
[Round "1"]
[White "Krasin"]
[Black "Krystek23"]
[WhiteElo "2310"]
[BlackElo "2340"]
[Result "0-1"]
[Round "1"]
1.e4 c5
2.c3 e6
3.d4 cxd4
4.cxd4 d5
5.e5 Nb8c6
6.Ng1f3 a6
7.Nb1c3 Bf8e7
8.Bf1d3 Bc8d7
9.h4 Be7xh4
10.Rh1xh4 g5
11.Bc1xg5 Qd8b6
12.Ra1b1 Nc6e7
13.Kf1 Ne7g6
14.Bd3xg6 fxg6
15.Kg1 Qb6c7
16.Qd1d3 Bd7c6
17.Bg5f6 Ng8xf6
18.exf6 O-O
19.Nf3g5 Rf8xf6
20.Ng5xh7 Rf6f5
21.g4 Qc7f4
22.Rb1f1 g5
23.Nc3e2 Qf4e4
24.Qd3xe4 dxe4
25.gxf5 gxh4
26.Nh7g5 exf5
27.Ne2f4 Kf8
28.d5 Bc6b5
29.Rf1c1 Ke7
30.Rc1c7 Kd6
31.Rc7xb7 Ke5
32.Ng5e6 Ra8g8
33.Kh2 Bb5c4
34.Rb7b6 h3
35.b3 Bc4xd5
36.Nf4xd5 Kxd5
 { time }
0-1

[Event "Tourn. n7867"]
[Site "www.chess-mail.com"]
[Date "2015.04.14"]
[Round "1"]
[White "Tartan"]
[Black "Arto20"]
[WhiteElo "2370"]
[BlackElo "2360"]
[Result "1/2-1/2"]
[Round "1"]
1.d4 Ng8f6
2.c4 e6
3.Nb1c3 Bf8b4
4.Qd1c2 O-O
5.a3 Bb4xc3
6.Qc2xc3 b6
7.Ng1f3 Bc8b7
8.Bc1g5 d6
9.Nf3d2 h6
10.Bg5h4 Nb8d7
11.f3 c5
12.e4 cxd4
13.Qc3xd4 Qd8e7
14.Bf1d3 Nd7c5
15.O-O e5
16.Qd4c3 Ra8c8
17.Rf1e1 Rc8c7
18.Nd2f1 Rf8c8
19.Nf1e3 g6
20.b4 Nc5xd3
21.Qc3xd3 Qe7e6
22.Re1d1 Rc7d7
23.Bh4xf6 Qe6xf6
24.Rd1d2 Kg7
25.Ra1d1 h5
26.a4 h4
27.h3 Rc8d8
28.b5 Qf6g5
29.Rd1a1 Bb7c8
30.a5 bxa5
31.Ra1xa5 Rd7b7
32.Kf1 Bc8e6
33.Ra5a6 Rb7d7
34.Qd3a3 { draw }
1/2-1/2

[Event "Tourn. n8108"]
[Site "www.chess-mail.com"]
[Date "2015.04.14"]
[Round "1"]
[White "Jesmantiz"]
[Black "Cathar"]
[WhiteElo "2270"]
[BlackElo "2230"]
[Result "0-1"]
[Round "1"]
1.d4 Ng8f6
2.e3 b6
3.Bf1d3 Bc8b7
4.f3 c5
5.c3 e6
6.Ng1e2 Bf8e7
7.O-O O-O
8.Ne2g3 d5
9.Qd1e2 Nb8c6
10.f4 g6
11.a3 Rf8e8
12.Nb1d2 a5
13.Nd2f3 Qd8c8
14.Nf3e5 Nc6xe5
15.fxe5 Nf6e4
16.Ng3xe4 dxe4
17.Bd3c2 Bb7a6
18.c4 cxd4
19.Bc2xe4 Ba6xc4
20.Qe2f3 Bc4xf1
21.Be4xa8 Qc8xa8
22.Qf3xf1 Be7c5
23.Qf1f4 Qa8d5
24.e4 Qd5c4
25.Bc1d2 d3
26.Kh1 Qc4c2
27.Ra1f1 Re8e7
28.b4 axb4
29.axb4 Re7b7
30.bxc5 bxc5
31.h4 c4
32.Qf4g5 Rb7b8
33.h5 c3
34.Bd2e3 Qc2e2
35.Rf1f3 d2
36.Qg5f6 d1Q
37.Kh2 Qe2xf3
38.gxf3 Qd1e2
39.Kg3 Qe2xe3
40.hxg6 hxg6
41.Qf6e7 c2
{ time. }
0-1